Máy tính điện tử suy nghĩ tính toán và điều khiển /

Hiệu quả sử dụng máy tính trên mọi lĩnh vực cuộc sống, khoa học, kinh tế, văn hoá. Trình bày đặc điểm, phẩm chất, khái niệm điều khiển theo chương trình máy tính điện

Kaydedildi:
Detaylı Bibliyografya
Yazar: Đêghe, Vanđêma
Diğer Yazarlar: Nguyễn Thanh Việt (Dịch)
Materyal Türü: Kitap
Dil:Vietnamese
Baskı/Yayın Bilgisi: H. : Khoa học và kỹ thuật, 1978.
Konular:
Etiketler: Etiketle
Etiket eklenmemiş, İlk siz ekleyin!
Thư viện lưu trữ: Mạng thư viện Đại học Đà Nẵng
LEADER 01429nam a2200361 4500
001 000009610
003 5807
005 20180122081454.0
008 111031s1978 viesd
020 |c 15200đ 
041 0 |a vie 
082 |a 004  |b ĐÊ-V 
100 0 |a Đêghe, Vanđêma 
245 0 |a Máy tính điện tử suy nghĩ tính toán và điều khiển /  |c Vanđêma Đêghe ; người dịch: Nguyễn Thanh Việt. 
260 |a H. :  |b Khoa học và kỹ thuật,  |c 1978. 
300 |a 259 tr. ;  |c 21cm. 
520 |a Hiệu quả sử dụng máy tính trên mọi lĩnh vực cuộc sống, khoa học, kinh tế, văn hoá. Trình bày đặc điểm, phẩm chất, khái niệm điều khiển theo chương trình máy tính điện 
653 |a Máy tính điện tử 
653 |a Suy nghĩ 
653 |a Tính toán 
653 |a Điều khiển 
700 |a Nguyễn Thanh Việt  |e Dịch 
910 |a Huỳnh Thị Cẩm Lai  |d 31/10/2011 
OWN |a LSP 
AVA |a UDN50  |b LSP  |d 004 ĐÊ-V  |e available  |t Error 5001 Not defined in file expand_doc_bib_avail.  |f 3  |g 0  |h N  |i 0  |k 1 
999 |a From the UDN01 
AVA |a UDN50  |b LSP  |d 004 ĐÊ-V  |e available  |t Error 5001 Not defined in file expand_doc_bib_avail.  |f 3  |g 0  |h N  |i 0  |k 1 
TYP |a Monograph 
TYP |a Printed language 
980 |a Mạng thư viện Đại học Đà Nẵng